| 000 | 00680nam a2200193 a 4500 | ||
|---|---|---|---|
| 001 | BRCA_2799 | ||
| 005 | 20190320203955.0 | ||
| 008 | 081208s1958----mexa---###---#000-0#spa-# | ||
| 050 | 4 |
_aN910.M43 _b.M87 1958 |
|
| 245 | 1 | 0 |
_aMuseo de San Carlos _cSEP, Instituto Nacional de Bellas Artes ; prologo de Fernando Leal. |
| 260 |
_aMéxico _bTalleres Gráficos de Librería Madero _c1958 |
||
| 300 |
_a1 v. (sin paginación) _bil., [90] p. de láminas _c24 cm. |
||
| 500 | _aAA14 | ||
| 610 | 2 | 4 |
_aMuseo Nacional de Artes Plasticas (Ciudad de México) _97857 |
| 650 | 1 | 4 |
_aGalerias y Museos _zMéxico _94513 |
| 650 | 1 | 4 |
_aPinturas _zCiudad de México _97858 |
| 902 | _aGFM | ||
| 942 |
_2lcc _cB |
||
| 999 |
_c2539 _d2539 |
||